Your God Is Too Small (Record no. 11173)

MARC details
000 -LEADER
fixed length control field 00549nam a2200229 a 4500
020 ## - INTERNATIONAL STANDARD BOOK NUMBER
ISBN
082 00 - DEWEY DECIMAL CLASSIFICATION NUMBER
Classification number 231
Author Cutter PHI1
100 ## - MAIN ENTRY--AUTHOR NAME
Author name Phillips, J B
245 ## - TITLE STATEMENT
Title Your God Is Too Small
260 ## - PUBLICATION, DISTRIBUTION, ETC. (IMPRINT)
Place of publication New York
Name of publisher Macmillan Company
Year of publication 1953
300 ## - PHYSICAL DESCRIPTION
Number of Pages 118p
500 ## - GENERAL NOTE
General note includes index and biblioraphy
650 ## - SUBJECT ADDED ENTRY--TOPICAL TERM
Topical Term God-Biblical Teaching
942 ## - ADDED ENTRY ELEMENTS (KOHA)
Koha item type Books
700 1# -
-- Phillips, J B
Holdings
Collection code Home library Current library Date acquired Cost, normal purchase price Full call number Accession Number Koha item type
  Henry Martyn Institute Library Henry Martyn Institute Library 09/15/2008 294.00 231 PHI1 016078 Books
                   Copyright © 2026 | Henry Martyn Institute | Hyderabad | TS-500052 | INDIA | Implemented by hmi.edu.in
Hit-Count:

Powered by Koha